In the flesh (Record no. 85508)
[ view plain ]
| 000 -LEADER | |
|---|---|
| fixed length control field | 01357nam a2200361Ia 4500 |
| 100 1# - MAIN ENTRY--AUTHOR NAME | |
| Personal name | Pitts-Taylor, Victoria. |
| 245 10 - TITLE STATEMENT | |
| Title | In the flesh |
| 250 ## - EDITION STATEMENT | |
| Edition statement | 1st Palgrave Macmillan ed. |
| 260 ## - PUBLICATION, DISTRIBUTION, ETC. (IMPRINT) | |
| Place of publication | New York : |
| Name of publisher | Palgrave Macmillan, |
| Year of publication | 2003. |
| 300 ## - PHYSICAL DESCRIPTION | |
| Number of Pages | vi, 239 p. : |
| Other physical details | ill. |
| 650 #0 - SUBJECT ADDED ENTRY--TOPICAL TERM | |
| Topical Term | Body marking. |
| Topical Term | Scarification (Body marking) |
| Topical Term | Body piercing. |
| Topical Term | Tattooing. |
| Topical Term | Human body |
| 856 40 - ELECTRONIC LOCATION AND ACCESS | |
| Uniform Resource Identifier | http://site.ebrary.com/lib/rucke/Doc?id=10135500 |
No items available.
